Estudio de prefactibilidad para la creación de la empresa Turística’: Tour Operadora Trinity ’s Tours, ubicada en la Trinidad, Estelí
Presenta un estudio de prefactibilidad en l creación de la Tour Operadora Trinity ’s Tours enfocada en el turismo alternativo del norte de Nicaragua. Se realizó un estudio de mercado de alcance Regional. Se determina la rentabilidad del proyecto a través de un estudio financiero. Tiene el diseñ...
| Main Authors: | , |
|---|---|
| Other Authors: | |
| Format: | Tesis Section = Libro |
| Language: | Undetermined Spanish |
| Published: |
Estelí
UNI/RUACS
2018
|
| Subjects: |
| LEADER | 01334nam a2200289Ia 4500 | ||
|---|---|---|---|
| 008 | 240830s9999 xx 000 0 und d | ||
| 040 | |a BIBLIOTECA-RUPAP Mon 658.404 U13 | ||
| 041 | |a spa | ||
| 082 | |a Mon 658.404 U13 | ||
| 100 | 1 | |a Ubeda Martínez, Reynaldo Antonio | |
| 100 | 1 | |b Cardoza, Mario Alberto | |
| 245 | 1 | 0 | |a Estudio de prefactibilidad para la creación de la empresa Turística’: Tour Operadora Trinity ’s Tours, ubicada en la Trinidad, Estelí |
| 260 | |a Estelí |b UNI/RUACS |c 2018 | ||
| 300 | |a 170 p. :il. | ||
| 500 | |a Contiene: anexos y CD. | ||
| 502 | |a Tesis (Ingeniero de Sistemas)- UNI, 2018. | ||
| 520 | 3 | |a Presenta un estudio de prefactibilidad en l creación de la Tour Operadora Trinity ’s Tours enfocada en el turismo alternativo del norte de Nicaragua. Se realizó un estudio de mercado de alcance Regional. Se determina la rentabilidad del proyecto a través de un estudio financiero. Tiene el diseño de una página Web mediante Hyper Text Markup Lenguaje. | |
| 650 | 7 | |a INICIACION DE EMPRESAS-PROYECTOS | |
| 650 | 7 | |b ESTUDIO DE FACTIBILIDAD | |
| 650 | 7 | |c ESTUDIO DE MERCADO | |
| 650 | 7 | |d ESTUDIO FINANCIERO | |
| 650 | 7 | |e IMPACTO AMBIENTAL | |
| 650 | 7 | |f PAGINA WEB-DISEÑO | |
| 700 | 1 | |a Tutor: |b Dicovskiy Riobóo, Luis María | |
| 942 | |c BK |2 ddc | ||
| 991 | |a TESIS | ||
| 999 | |c 17415 | ||